| 000 | 02319nam a22002537 4500 | ||
|---|---|---|---|
| 999 |
_c1259 _d1259 |
||
| 003 | AR-BaISA | ||
| 005 | 20230308162854.0 | ||
| 007 | ta | ||
| 008 | 230308s2022 ag ad||| |||| 000 0 spa d | ||
| 020 | _a9789878873589 | ||
| 040 |
_bspa _cAR-BaISA |
||
| 082 | 0 | 4 |
_222 _a362.404 56 V479 |
| 245 | 1 | 0 |
_aAcceso a la salud de la población con discapacidad en Argentina: _bdemandas, barreras y derechos / _cNéstor Vázquez, Sebastián Sustas, y María Pía Venturiello (coordinación) |
| 260 |
_aBuenos Aires: _bTeseopress, _c2022 |
||
| 300 |
_a222 p.: _bil., gráfs. |
||
| 504 | _aBibliografía p.: 203-210. | ||
| 505 |
_tNéstor Vázquez / Prólogo -- _tCecilia García Rizzo / Prólogo -- _tSebastián Sustas y María Pía Venturiello / Introducción -- _tMaría Pía Venturiello, Sebastián Sustas, Cecilia Palermo y Agustina Villarejo / Salud, discapacidad y derechos. Precisiones conceptuales y aspectos metodológicos -- _tGuido Sciurano, María Pía Venturiello, Sebastián Sustas y María Victoria Tiseyra / Itinerarios terapéuticos de personas con discapacidad. Barreras y posibilidades de acceso a los centros de salud en el AMBA -- _tAgustina Villarejo, Cecilia Palermo y María Pía Venturiello / Accesibilidad a cuidados, atención en salud y autonomía de als personas con discapacidad desde la perspectiva de los referentes institucionales -- _tMaría Cecilia Palermo, Agustina Villarejo y María Pía Venturiello -- Principales problemas en el acceso a derechos de personas con discapacidad. Líneas de acción del Estado y organismos de la sociedad civil, según referentes jurisdiccionales -- _tJuan Manuel Rodríguez y Bárbara Magalí Fanego / Caracterización de las personas con discapacidad. Un acercamiento estadístico -- _tMaría Pía Venturiello, Sebastián Sustas, María Cecilia Palermo, Agustina Villarejo, Guido Sciurano, María VictoriaTiseyra y Juan Manuel Rodríguez / Reflexiones finales. Hacia una lectura transversal del acceso a la salud integral y los derechos de las personas en situación de discapacidad |
||
| 650 | 1 | 0 |
_9245 _aDiscapacidad _zArgentina |
| 650 | 1 | 0 |
_91437 _aAcceso a la atención de salud _zArgentina |
| 700 | 1 |
_92758 _aVázquez, Néstor _4coord. |
|
| 700 | 1 |
_92759 _aSustas, Sebastián _4coord. |
|
| 700 | 1 |
_92760 _aVenturiello, María Pía _4coord. |
|
| 942 |
_2ddc _cLI _e22 |
||